Guess the Doctor Who Episode from the Quote - Statistics

General Stats
  • This quiz has been taken 22 times
  • The average score is 10 of 15
Answer Stats
Hint Answer % Correct
I'm waving at fat! Partners In Crime
95%
I'm burning up a sun just to say goodbye. Doomsday
91%
Kill yourself. Dalek
77%
Couldn't very well keep calling myself the Master, now could I? Dark Water
77%
Judoon Platoon upon the moon. Smith And Jones
77%
Praise him! The God Complex
77%
Amy. Believe for 20 minutes. The Eleventh Hour
73%
Personally, I think that's a hell of a bird! Heaven Sent
64%
Do you like the forest being in Trafalgar Square? I think it's lovely. In The Forest Of The Night
64%
Pain. Pain. Pain. World Enough And Time
59%
Which one of you hurt my Benni?! Orphan 55
55%
Honestly, if I was still a bloke, I could get on with the job and not have to waste time defending myself! The Witchfinders
45%
Keeps you dying, keeps you buying. Boom
36%
Trick or treat, Doctor! The Halloween Apocalypse
36%
Let me take it from the top. Hello, I'm the Doctor. Fugitive Of The Judoon
32%
No matching quizzes found
Score Distribution
Percent of People with Each Score
Percentile by Number Answered
Your Score History
You have not taken this quiz